000
00214nam a22000977a 4500
082
_a
425 COR'R
245
_a
CORRECT YOUR ENGLISH
250
_a
4TH
260
_a
RAWALPINDI
_b
ARMY EDUCATION PRESS
_c
1986
942
_c
BK
999
_c
578704
_d
578704